| 000 | 01060nam a22003497a 4500 | ||
|---|---|---|---|
| 001 | 3635704 | ||
| 003 | OSt | ||
| 005 | 20210422054654.0 | ||
| 008 | 751023s1976 mdu b 001 0 eng | ||
| 010 | _a 75037500 | ||
| 020 | _a0061406899 | ||
| 040 |
_aeng _cDLC _deng _beng |
||
| 041 | _aeng | ||
| 050 | 0 | 0 |
_aR123 _b.D57 |
| 060 | _aW15 D598L | ||
| 080 |
_a61 _bD-62 |
||
| 082 | 0 | 0 | _a610/.1/4 |
| 100 | 1 |
_aDirckx, John H., _d1938- |
|
| 245 | 1 | 4 |
_aThe language of medicine, its evolution, structure, and dynamics / _cJohn H. Dirckx. _b/ by: Medical Dept., Harper & Row |
| 260 |
_aHagerstown, Md. : _bMedical Dept., Harper & Row, _cc1976. |
||
| 300 |
_avii, 170 p. ; _c21 cm. |
||
| 500 | _aIncludes indexes. | ||
| 504 | _aBibliography: p. 145-146. | ||
| 650 | 0 |
_aMedicine _xLanguage. |
|
| 650 | 0 |
_aEnglish language _xEtymology. |
|
| 650 | 2 | _aNomenclature. | |
| 650 | 2 | _aLanguage. | |
| 653 | _aმედიცინა | ||
| 653 | _aსამედიცინო ენა | ||
| 906 |
_a7 _bcbc _corignew _d1 _eocip _f19 _gy-gencatlg |
||
| 942 |
_2udc _cBK |
||
| 999 |
_c794 _d794 |
||